Normal view
MARC view
- MS (RS & GIS) Thesis.
Entry Topical Term
001 - CONTROL NUMBER
- control field: 19359
003 - CONTROL NUMBER IDENTIFIER
- control field: NUST
005 - DATE AND TIME OF LATEST TRANSACTION
- control field: 20190820044701.0
008 - FIXED-LENGTH DATA ELEMENTS
- fixed length control field: 190820|| aca||aabn | a|a d
040 ## - CATALOGING SOURCE
- Original cataloging agency: NUST
- Transcribing agency: NUST
150 ## - HEADING--TOPICAL TERM
- Topical term or geographic name entry element: MS (RS & GIS) Thesis.
670 ## - SOURCE DATA FOUND
- Source citation: Work cat.: (NUST): Khan, Shaheen Sher 19358, Flash Flood Hazard Assessment Of Swat River Catchment Using Remote Sensing And Gis Techniques /, 2015.
